00351nam a2200133 a 45000010010000000030011000100080041000210350026000620820014000881000017001022450037001192600042001566500019001980000-8801ELIB.Books110520 1998  a(ELIB.Books)0000-8947 a248 bGil aGilman, John aThey are Killing An Innocent Man bU.S.A; Dayspring Intermational c1998 aChristian Life